[Event "1st Grand Europe Open"]
[Site "Golden Sands BUL"]
[Date "2012.06.05"]
[Round "2.57"]
[White "Velikov, Petar"]
[Black "Mladenov, Emil"]
[Result "1-0"]
[WhiteTitle "GM"]
[WhiteElo "2416"]
[BlackElo "2081"]
[WhiteFideId "2900149"]
[BlackFideId "2904918"]
[EventDate "2012.06.04"]
[EventType "swiss"]

1. c4 e5 2. g3 d6 3. Bg2 Nc6 4. Nc3 Be6 5. Nd5 Qd7 6. e3 Nd8 7. d3 c6 8. Nc3 g6
9. h3 Bg7 10. Nge2 Nf6 11. b3 O-O 12. Ba3 c5 13. Qd2 Rc8 14. Rc1 Re8 15. Nd5 Nc6
16. Bb2 h6 17. Nec3 Nh7 18. Kf1 Rf8 19. Kg1 f5 20. f4 g5 21. Kh2 Nf6 22. Rhf1
Ne7 23. Nxf6+ Bxf6 24. Rce1 Ng6 25. Nd5 Bg7 26. Qe2 gxf4 27. exf4 Rce8 28. Qd2
Kh7 29. fxe5 dxe5 30. Rf2 Kh8 31. Ref1 Bxd5 32. Bxd5 f4 33. g4 b6 34. Qe1 Ne7
35. Be4 Nc6 36. Rd2 Nd4 37. Qh4 Qe7 38. Qxe7 Rxe7 39. Bxd4 exd4 40. Kg2 Be5 41.
Kf3 Bf6 42. Rb1 a5 43. a3 Ra7 44. Re2 Be7 45. Bf5 Kg7 46. Rbe1 Bh4 47. Rb1 Be7
48. Re4 Rf6 49. Rbe1 Bd6 50. Re8 a4 51. bxa4 Rxa4 52. R1e6 Rxe6 53. Rxe6 Bf8 54.
Rg6+ Kf7 55. Rxb6 Rxa3 56. Kxf4 Ra1 57. Be4 Rf1+ 58. Ke5 Bg7+ 59. Kd5 Bf8 60. h4
Rf6 61. Rb7+ Kg8 62. g5 hxg5 63. hxg5 Ra6 64. Ke5 Ra8 65. Bd5+ Kh8 66. Kf5 Re8
67. Be4 Ra8 68. Bd5 Re8 69. Kg6 1-0

[Event "1st Grand Europe Open"]
[Site "Golden Sands BUL"]
[Date "2012.06.05"]
[Round "2.58"]
[White "Zhang, Xiaowen"]
[Black "Mihopoulos, Konstantinos"]
[Result "0-1"]
[WhiteTitle "WGM"]
[WhiteElo "2385"]
[BlackElo "1978"]
[WhiteFideId "8603219"]
[BlackFideId "4217110"]
[EventDate "2012.06.04"]
[EventType "swiss"]

1. e4 c5 2. Nf3 e6 3. d3 Nc6 4. g3 g6 5. Bg2 Bg7 6. O-O Nge7 7. c3 O-O 8. Bg5 d5
9. Qc1 d4 10. c4 e5 11. Na3 Rb8 12. Qd2 a6 13. Ne1 f5 14. exf5 Bxf5 15. Qd1 Qd7
16. Qe2 b5 17. b3 Kh8 18. Rc1 b4 19. Nb1 Nc8 20. Rd1 Nd6 21. Bc1 a5 22. Nd2 a4
23. Ne4 Nb7 24. bxa4 Ra8 25. Qc2 Ra5 26. a3 Rfa8 27. axb4 cxb4 28. f4 Rxa4 29.
Rf2 R8a5 30. fxe5 Nxe5 31. Nf3 Ng4 32. Re2 Ne3 33. Bxe3 dxe3 34. c5 Ra2 35. Qc4
Rxe2 36. c6 Qc7 37. cxb7 Qxb7 38. Nd6 Qd5 39. Qc7 Rxg2+ 40. Kxg2 h6 41. Nxf5
Qxf5 42. Nh4 Ra2+ 43. Kh1 Qd5+ 44. Kg1 e2 45. Nxg6+ Kh7 46. Re1 Kxg6 47. h4 Bd4+
48. Kh2 Bf2 49. Qe7 Bxe1 50. Qe8+ Kf6 51. Qf8+ Ke5 52. Qg7+ Kd6 53. Qf8+ Kc6 54.
Qc8+ Kb5 55. Qe8+ Ka5 0-1

[Event "1st Grand Europe Open"]
[Site "Golden Sands BUL"]
[Date "2012.06.05"]
[Round "2.59"]
[White "Kanmazalp, Ogulcan"]
[Black "Guven, Baris"]
[Result "1/2-1/2"]
[WhiteTitle "IM"]
[WhiteElo "2379"]
[BlackElo "1929"]
[WhiteFideId "6304990"]
[BlackFideId "6317553"]
[EventDate "2012.06.04"]
[EventType "swiss"]

1. d4 d5 2. c4 e6 3. Nc3 Nf6 4. cxd5 exd5 5. Bg5 Be7 6. e3 c6 7. Bd3 Nbd7 8. Qc2
O-O 9. Nf3 Re8 10. O-O-O Nf8 11. Ne5 Ng4 12. Bxe7 Qxe7 13. Nf3 Nf6 14. Kb1 Be6
15. h3 Rac8 16. Rc1 b5 17. Ne5 N6d7 18. Nxd7 Bxd7 19. Ne2 a5 20. Nf4 a4 21. Qd2
Ne6 22. Nxe6 Bxe6 23. Qe2 Bd7 24. Rc5 Rcd8 25. Qh5 h6 26. h4 Qf6 27. Qf3 Qxf3
28. gxf3 f5 29. f4 h5 30. Kc2 Kf7 31. Kc3 g6 32. Kb4 Ra8 33. Rg1 Re6 34. Rc3 Ke7
35. Kc5 Kd8 36. Ra3 Be8 37. Rc3 Rb8 38. Kb4 Kc7 39. Rgc1 Kb6 40. Re1 Bd7 41. Rc2
Rc8 42. Be2 Ra8 43. Rc3 Be8 44. Bd1 Re7 45. Bc2 Bf7 46. Rc1 Be8 47. Ra3 Raa7 48.
Rg1 Bf7 49. Rg5 Be8 50. Bb1 Bf7 51. Rg3 Be8 52. Rg1 Bf7 53. Bc2 Be8 54. Ra1 Bf7
55. b3 axb3 56. Rxa7 Rxa7 57. Bxb3 Be8 58. Re1 Re7 59. Re2 Bf7 60. Bc2 Rc7 61.
Bb3 Re7 62. a3 Rc7 63. Ra2 Ra7 64. a4 bxa4 65. Rxa4 Rxa4+ 66. Bxa4 Be8 67. Bc2
Bd7 68. f3 Be8 69. Bd3 Bd7 70. Bb1 Bc8 71. Bc2 Bd7 72. e4 Be6 73. Bb3 Bf7 74.
Ka4 Ka6 75. Kb4 Kb6 76. exd5 Bxd5 77. Bc4 Bxc4 78. Kxc4 Kc7 79. Kc5 Kd7 80. d5
cxd5 81. Kxd5 Ke7 82. Ke5 Kf7 83. Kd6 Kf6 84. Kd5 Kf7 1/2-1/2

[Event "1st Grand Europe Open"]
[Site "Golden Sands BUL"]
[Date "2012.06.05"]
[Round "2.60"]
[White "Dimov, Dian"]
[Black "Petrov, Martin"]
[Result "1-0"]
[WhiteElo "2289"]
[BlackElo "1888"]
[WhiteFideId "2903342"]
[BlackFideId "2911086"]
[EventDate "2012.06.04"]
[EventType "swiss"]

1. Nf3 Nf6 2. g3 d5 3. Bg2 Bg4 4. h3 Bxf3 5. Bxf3 e6 6. O-O Bd6 7. d3 O-O 8. Nd2
Nbd7 9. Bg2 a6 10. e4 d4 11. f4 e5 12. f5 h6 13. h4 Nh7 14. Bh3 Be7 15. Nf3 b5
16. Bd2 c5 17. Qe2 Qc7 18. g4 f6 19. c3 dxc3 20. Bxc3 c4 21. dxc4 Qxc4 22. Qxc4+
bxc4 23. Rfd1 Nb6 24. Bf1 Rfc8 25. Kg2 Nf8 26. g5 a5 27. gxh6 gxh6 28. Bd2 Kh7
29. Rac1 Nfd7 30. Nh2 Rc7 31. Ng4 h5 32. Ne3 Bb4 33. Nxc4 Bxd2 34. Rxd2 Rac8 35.
Nxb6 Nxb6 36. Rxc7+ Rxc7 37. Kf3 Kg7 38. Bb5 Kf7 39. a4 Ke7 40. Rg2 Kf7 41. Ke3
Rc8 42. Be2 Nc4+ 43. Kf2 Nxb2 44. Bxh5+ Kf8 45. Rg6 Rc6 46. Be2 Kf7 47. h5 Rc8
48. h6 Rh8 49. Bb5 Rc8 50. Bd7 Rc2+ 51. Kf3 Rh2 52. Be6+ Kf8 53. Rxf6+ Ke7 54.
Rf7+ Ke8 55. h7 Nd3 56. Ra7 Kf8 57. f6 Ne1+ 58. Kg3 1-0

[Event "1st Grand Europe Open"]
[Site "Golden Sands BUL"]
[Date "2012.06.06"]
[Round "3.1"]
[White "Arnaudov, G. Petar"]
[Black "Efimenko, Zahar"]
[Result "1/2-1/2"]
[WhiteTitle "IM"]
[BlackTitle "GM"]
[WhiteElo "2477"]
[BlackElo "2689"]
[WhiteFideId "2907127"]
[BlackFideId "14107201"]
[EventDate "2012.06.04"]
[EventType "swiss"]

1. d4 Nf6 2. c4 g6 3. Nc3 Bg7 4. e4 d6 5. h3 O-O 6. Nf3 Na6 7. Bg5 c6 8. Nd2 Qb6
9. Nb3 e5 10. d5 cxd5 11. cxd5 Bd7 12. Be3 Nc5 13. Be2 Qb4 14. Nxc5 dxc5 15. Qc2
Rfc8 16. O-O c4 17. Rfc1 Bf8 18. a3 Qa5 19. a4 Bc5 20. Nd1 Ne8 21. Bxc4 Nd6 22.
b3 Bxe3 23. Nxe3 1/2-1/2

[Event "1st Grand Europe Open"]
[Site "Golden Sands BUL"]
[Date "2012.06.06"]
[Round "3.2"]
[White "Georgiev, Kiril"]
[Black "Xiu, Deshun"]
[Result "1/2-1/2"]
[WhiteTitle "GM"]
[BlackTitle "GM"]
[WhiteElo "2689"]
[BlackElo "2494"]
[WhiteFideId "2900017"]
[BlackFideId "8603693"]
[EventDate "2012.06.04"]
[EventType "swiss"]

1. d4 d5 2. c4 c6 3. Nf3 Nf6 4. e3 g6 5. Nc3 Bg7 6. Be2 O-O 7. O-O dxc4 8. Bxc4
Bg4 9. Be2 Qb6 10. h3 Bxf3 11. Bxf3 Nbd7 12. Qc2 e5 13. Rd1 Rad8 14. d5 e4 15.
Nxe4 Nxe4 16. Bxe4 Nf6 17. Bf3 Nxd5 18. a3 Nc7 19. Rb1 Rxd1+ 20. Qxd1 Ne6 21.
Bd2 Rd8 22. Qc2 Qb5 23. Be1 Qd3 24. Be4 Qxc2 25. Bxc2 c5 26. b3 b5 27. Kf1 h5
28. h4 Kf8 29. Bd1 Ke7 30. Be2 a6 31. a4 Rb8 32. axb5 axb5 33. Rd1 Ke8 34. Bf3
Rb6 35. Bd2 Ke7 36. g3 Bf6 37. Rc1 Kd6 38. Be2 Kc6 39. Bf3+ Kd6 40. Rd1 Ke7 41.
Be2 Kf8 42. Rc1 Kg7 43. Ke1 Rb8 44. Rb1 Kf8 45. Kd1 Ke7 46. Kc2 Nc7 47. Bf3 Na6
48. Bd5 Nc7 49. Be4 Na6 50. Bd3 Nc7 51. Be4 Na6 52. Bc3 Nb4+ 53. Bxb4 cxb4 54.
Kd2 Rd8+ 55. Ke2 Bc3 56. Bd3 Ra8 57. Bxb5 Ra2+ 58. Kf3 f5 59. Rd1 Rd2 60. Rf1
Kf6 61. Bc4 Ra2 62. Rd1 Rd2 63. Rc1 Ke5 64. Bf7 Kf6 65. Bg8 Kg7 66. Bc4 Kf6 67.
Re1 Ra2 68. Rd1 Rd2 69. Rxd2 Bxd2 70. e4 fxe4+ 71. Kxe4 Be1 72. Kf3 Ke5 1/2-1/2

[Event "1st Grand Europe Open"]
[Site "Golden Sands BUL"]
[Date "2012.06.06"]
[Round "3.3"]
[White "Petrosian, Tigran L."]
[Black "Naroditsky, Daniel"]
[Result "1-0"]
[WhiteTitle "GM"]
[BlackTitle "IM"]
[WhiteElo "2657"]
[BlackElo "2479"]
[WhiteFideId "13301616"]
[BlackFideId "2026961"]
[EventDate "2012.06.04"]
[EventType "swiss"]

1. b3 e5 2. Bb2 Nc6 3. e3 Nf6 4. Bb5 Bd6 5. Na3 a6 6. Bxc6 dxc6 7. Nc4 Qe7 8.
Ne2 O-O 9. O-O e4 10. Nxd6 cxd6 11. Ng3 d5 12. f3 exf3 13. Qxf3 Ne4 14. Nh5 f6
15. Rad1 Qf7 16. d3 Ng5 17. Qe2 Qg6 18. Kh1 Bd7 19. Rf4 Ne6 20. Rh4 Rae8 21. Rf1
Kh8 22. Rf3 c5 23. Rg3 Qf7 24. Qf2 d4 25. exd4 g5 26. d5 Nd4 27. Rxd4 cxd4 28.
Nxf6 Qxf6 29. Rf3 Qf4 30. h3 h6 31. Rxf4 Rxf4 32. Qd2 Kg8 33. Qb4 Re2 34. Qd6
Rxc2 35. Qg6+ 1-0

[Event "1st Grand Europe Open"]
[Site "Golden Sands BUL"]
[Date "2012.06.06"]
[Round "3.4"]
[White "Solozhenkin, Evgeniy"]
[Black "L'Ami, Erwin"]
[Result "0-1"]
[WhiteTitle "GM"]
[BlackTitle "GM"]
[WhiteElo "2472"]
[BlackElo "2605"]
[WhiteFideId "4102266"]
[BlackFideId "1007998"]
[EventDate "2012.06.04"]
[EventType "swiss"]

1. e4 c5 2. Nf3 d6 3. d4 cxd4 4. Nxd4 Nf6 5. Nc3 a6 6. Be2 e5 7. Nb3 Be7 8. O-O
O-O 9. Kh1 Nc6 10. f3 Nh5 11. Nd5 Bh4 12. g4 Nf6 13. c4 Nxd5 14. cxd5 Ne7 15.
Be3 h6 16. Qd2 Ng6 17. Nc1 Bg5 18. Nd3 Bd7 19. Rfc1 Bb5 20. Ne1 Bxe3 21. Qxe3
Bxe2 22. Qxe2 Nf4 23. Qe3 h5 24. Ng2 hxg4 25. Nxf4 exf4 26. Qxf4 gxf3 27. Rg1 g6
28. Rg4 Kg7 29. Rh4 Rh8 30. Rxh8 Qxh8 31. Rf1 Qe8 32. Rxf3 Qe7 33. Rh3 Kg8 34.
Kg1 Re8 35. Qh6 Qf6 36. Qh7+ Kf8 37. Qh8+ Ke7 38. Qxf6+ Kxf6 39. Rf3+ Kg7 40.
Rb3 Re7 41. Rb6 Rd7 42. Kf2 Kf6 43. Ke3 Ke5 44. a4 f6 45. h4 Rh7 46. Kd3 g5 47.
hxg5 fxg5 48. Ke3 Rf7 49. Ke2 g4 50. Rb3 Kxe4 51. Rb4+ Ke5 0-1

[Event "1st Grand Europe Open"]
[Site "Golden Sands BUL"]
[Date "2012.06.06"]
[Round "3.5"]
[White "Lupulescu, Constantin"]
[Black "Simonian, Hrair"]
[Result "1/2-1/2"]
[WhiteTitle "GM"]
[BlackTitle "GM"]
[WhiteElo "2603"]
[BlackElo "2475"]
[WhiteFideId "1207822"]
[BlackFideId "13302337"]
[EventDate "2012.06.04"]
[EventType "swiss"]

1. c4 e5 2. g3 Nf6 3. Bg2 Nc6 4. Nc3 Bb4 5. Nd5 O-O 6. Nf3 e4 7. Nh4 Re8 8. O-O
Bc5 9. d3 exd3 10. Qxd3 Ne5 11. Qc3 c6 12. Ne3 Qb6 13. Qc2 1/2-1/2

[Event "1st Grand Europe Open"]
[Site "Golden Sands BUL"]
[Date "2012.06.06"]
[Round "3.6"]
[White "Can, Emre"]
[Black "Vajda, Levente"]
[Result "0-1"]
[WhiteTitle "GM"]
[BlackTitle "GM"]
[WhiteElo "2461"]
[BlackElo "2600"]
[WhiteFideId "6302181"]
[BlackFideId "1203975"]
[EventDate "2012.06.04"]
[EventType "swiss"]

1. d4 Nf6 2. c4 c5 3. d5 e5 4. Nc3 d6 5. e4 Nbd7 6. Nf3 Be7 7. g3 O-O 8. Bg2 b5
9. cxb5 a6 10. bxa6 Bxa6 11. Bf1 c4 12. Nd2 Nc5 13. Bxc4 Bxc4 14. Nxc4 Ncxe4 15.
Nxe4 Nxe4 16. O-O Qc7 17. Qe2 f5 18. Be3 Qb7 19. Qd3 Rac8 20. b3 Nc5 21. Bxc5
Rxc5 22. Rfd1 e4 23. Qd2 h6 24. Na5 Qa6 25. Nc4 Qb5 26. Rab1 Qe8 27. Re1 Qf7 28.
Rbd1 Rb8 29. f3 Bg5 30. Qe2 Rxd5 31. Rxd5 Qxd5 32. fxe4 fxe4 33. h4 Bf6 34. Rd1
Qc5+ 35. Qf2 Qh5 36. Rxd6 Be7 37. Rc6 Rf8 38. Qg2 Bc5+ 39. Kh1 Qd1+ 40. Kh2 Rf2
41. Rxc5 Qe2 0-1

[Event "1st Grand Europe Open"]
[Site "Golden Sands BUL"]
[Date "2012.06.06"]
[Round "3.7"]
[White "Virovlansky, Semen"]
[Black "Swiercz, Dariusz"]
[Result "1/2-1/2"]
[WhiteTitle "IM"]
[BlackTitle "GM"]
[WhiteElo "2445"]
[BlackElo "2585"]
[WhiteFideId "4125207"]
[BlackFideId "1126881"]
[EventDate "2012.06.04"]
[EventType "swiss"]

1. d4 Nf6 2. c4 e6 3. g3 d5 4. Bg2 Bb4+ 5. Nd2 O-O 6. Nf3 b6 7. O-O Bb7 8. Ne5
Re8 9. a3 Bf8 10. b4 Nbd7 11. Bb2 c5 12. Nxd7 Nxd7 13. bxc5 bxc5 14. Rb1 Rb8 15.
cxd5 Bxd5 16. Bxd5 exd5 17. dxc5 Nxc5 18. Nf3 Qd7 19. e3 Qf5 20. Nd4 Qe4 21. Qc2
Rec8 22. Ba1 Qxc2 23. Nxc2 Nb3 24. Nd4 Nd2 25. Rxb8 Rxb8 26. Rd1 Bxa3 27. Nc6
Rc8 28. Nxa7 Rc2 29. Nb5 Bb4 30. Nd4 Ra2 31. Nc6 Bf8 32. Bc3 Ne4 1/2-1/2

[Event "1st Grand Europe Open"]
[Site "Golden Sands BUL"]
[Date "2012.06.06"]
[Round "3.8"]
[White "Grigoryan, Avetik"]
[Black "Bernadskiy, Vitaliy"]
[Result "1/2-1/2"]
[WhiteTitle "GM"]
[BlackTitle "IM"]
[WhiteElo "2581"]
[BlackElo "2473"]
[WhiteFideId "13302191"]
[BlackFideId "14100371"]
[EventDate "2012.06.04"]
[EventType "swiss"]

1. d4 Nf6 2. c4 g6 3. Nc3 Bg7 4. e4 d6 5. h3 O-O 6. Bg5 c6 7. Nf3 e5 8. d5 a5 9.
Be2 Na6 10. Nd2 Nc5 11. b3 Bd7 12. a3 h6 13. Be3 Qe8 14. b4 cxd5 15. cxd5 Na4
16. Nxa4 Bxa4 17. Qb1 axb4 18. Qxb4 Qe7 19. O-O b5 20. Rfc1 Rfb8 21. Rc6 Ne8 22.
Rac1 Kh7 23. Nb1 Rb7 24. Nc3 Rab8 25. Nxa4 bxa4 26. Qxa4 Bf6 27. Rc8 Bg5 28.
Rxb8 Rxb8 29. Bxg5 Qxg5 30. Qc2 Rb7 31. Re1 Rc7 32. Qb2 Nf6 33. Bf3 Rc4 34. g3
h5 35. h4 Qh6 36. Qb8 Rc3 37. Kg2 Qd2 38. Re2 Qc1 39. Qf8 Rxf3 40. Qxf7+ Kh6 41.
Qf8+ Kh7 42. Qf7+ Kh6 43. Kxf3 Qh1+ 44. Ke3 Qxe4+ 45. Kd2 Qd4+ 46. Kc2 Qc4+ 47.
Kb1 Qxe2 48. Qf8+ Kh7 49. Qf7+ Kh6 50. Qxf6 Qd1+ 51. Kb2 Qd2+ 52. Kb1 Qd1+ 1/2-1/2

[Event "1st Grand Europe Open"]
[Site "Golden Sands BUL"]
[Date "2012.06.06"]
[Round "3.9"]
[White "Tunik, Gennady"]
[Black "Tikkanen, Hans"]
[Result "1/2-1/2"]
[WhiteTitle "GM"]
[BlackTitle "GM"]
[WhiteElo "2429"]
[BlackElo "2566"]
[WhiteFideId "4101219"]
[BlackFideId "1706446"]
[EventDate "2012.06.04"]
[EventType "swiss"]

1. d4 d5 2. c4 c6 3. Nf3 e6 4. Qc2 Nf6 5. Bg5 h6 6. Bxf6 Qxf6 7. Nbd2 Nd7 8. g3
Bb4 9. Rc1 Nb6 10. b3 dxc4 11. bxc4 c5 12. dxc5 Bxc5 13. Bg2 Bd7 14. O-O Rc8 15.
Ne1 Ba3 16. Rb1 Rc7 17. Ne4 Qe7 18. Qc3 O-O 19. Qa5 Bc6 20. Nd2 Bxg2 21. Kxg2
Nc8 22. Nd3 Rd8 23. Rfd1 Bd6 24. Rbc1 b6 25. Qa6 Qe8 26. Nb3 e5 27. e4 Bf8 28.
f3 Rcd7 29. Nf2 Rxd1 30. Rxd1 Rxd1 31. Nxd1 Qd7 32. Nf2 Ne7 1/2-1/2

[Event "1st Grand Europe Open"]
[Site "Golden Sands BUL"]
[Date "2012.06.06"]
[Round "3.10"]
[White "Ipatov, Alexander"]
[Black "Wan, Yunguo"]
[Result "1-0"]
[WhiteTitle "GM"]
[WhiteElo "2561"]
[BlackElo "2456"]
[WhiteFideId "14116731"]
[BlackFideId "8603189"]
[EventDate "2012.06.04"]
[EventType "swiss"]

1. c4 Nf6 2. Nc3 g6 3. g3 Bg7 4. Bg2 O-O 5. d4 c6 6. e4 d6 7. Nge2 e5 8. O-O Qa5
9. h3 Nbd7 10. Be3 a6 11. dxe5 dxe5 12. a3 Rd8 13. Qc2 b5 14. Rfd1 Bb7 15. c5
Nf8 16. f4 Bh6 17. Bd2 Qc7 18. f5 Bxd2 19. Rxd2 Qe7 20. b4 Rxd2 21. Qxd2 Rd8 22.
Qe3 h5 23. Rd1 Bc8 24. Qh6 gxf5 25. Qg5+ Kh8 26. Rxd8 Qxd8 27. exf5 Bd7 28. Qe3
Qe8 29. g4 hxg4 30. hxg4 N8h7 31. Bf3 Ng8 32. Ne4 f6 33. Qd2 Qf7 34. N2g3 Be8
35. Qd8 Qb3 36. Kf2 Bf7 37. Qc7 Qb2+ 38. Ne2 Bd5 39. Nd6 Bc4 40. Ne8 1-0

[Event "1st Grand Europe Open"]
[Site "Golden Sands BUL"]
[Date "2012.06.06"]
[Round "3.11"]
[White "Gutov, Andrey"]
[Black "Li, Shilong"]
[Result "0-1"]
[WhiteTitle "GM"]
[BlackTitle "GM"]
[WhiteElo "2421"]
[BlackElo "2553"]
[WhiteFideId "4130480"]
[BlackFideId "8600678"]
[EventDate "2012.06.04"]
[EventType "swiss"]

1. d4 Nf6 2. c4 g6 3. Nf3 Bg7 4. g3 O-O 5. Bg2 d6 6. Nc3 Nbd7 7. O-O e5 8. e4 c6
9. h3 Qb6 10. Re1 exd4 11. Nxd4 Re8 12. Re2 Qb4 13. Rc2 Nc5 14. a3 Qb6 15. Be3
a5 16. Rac1 Qc7 17. f3 Nh5 18. g4 Nf6 19. b4 axb4 20. axb4 Ncd7 21. Rd2 Ne5 22.
Ndb5 cxb5 23. Nxb5 Qe7 24. g5 Nxf3+ 25. Qxf3 Nxe4 26. Qxe4 Qxe4 27. Bxe4 Rxe4
28. Kf2 Bxh3 29. Nxd6 Re7 30. c5 f6 31. gxf6 Bxf6 32. Bh6 Ra4 33. Rd3 Ra2+ 34.
Kg3 Bg2 35. Rd2 Rxd2 36. Bxd2 Bd5 37. Bh6 Re2 38. Rd1 Be5+ 39. Bf4 Rg2+ 40. Kh3
Bxf4 41. Rxd5 Rg1 42. Ne4 Re1 43. Nf6+ Kg7 44. Ng4 Re7 45. b5 h5 46. Nf2 Kf6 47.
c6 bxc6 48. bxc6 Re2 49. Kg2 Be3 50. Kf3 Rxf2+ 51. Kxe3 Rc2 52. Rd6+ Kf5 53. Kd4
h4 54. Rd5+ Kf4 55. Rc5 Rd2+ 56. Kc3 Rd8 57. c7 Rc8 58. Kd3 h3 59. Ke2 h2 0-1

[Event "1st Grand Europe Open"]
[Site "Golden Sands BUL"]
[Date "2012.06.06"]
[Round "3.12"]
[White "Nabaty, Tamir"]
[Black "Popchev, Milko"]
[Result "1-0"]
[WhiteTitle "GM"]
[BlackTitle "GM"]
[WhiteElo "2553"]
[BlackElo "2450"]
[WhiteFideId "2809052"]
[BlackFideId "2900165"]
[EventDate "2012.06.04"]
[EventType "swiss"]

1. d4 f5 2. Qd3 e6 3. g4 d5 4. gxf5 exf5 5. Nf3 c6 6. h4 Nf6 7. h5 Ne4 8. Bf4
Be7 9. Rg1 Bf6 10. Nbd2 Be6 11. Qe3 Qe7 12. Ng5 Nxg5 13. Bxg5 Nd7 14. Bh3 g6 15.
Bf4 Bf7 16. Qb3 Nf8 17. Nf3 Ne6 18. Qe3 Nxf4 19. Qxf4 O-O-O 20. O-O-O Rde8 21.
e3 Rhg8 22. Ng5 Bxg5 23. Rxg5 Qc7 24. Qf3 Kb8 25. Rdg1 Rgf8 26. a3 Re7 27. Bf1
Be8 28. Bd3 a6 29. R5g2 Qd6 30. c3 Re6 31. Kb1 Ref6 32. hxg6 hxg6 33. Rh1 R6f7
34. Rh6 Re7 35. Qf4 Qxf4 36. exf4 Kc7 37. Kc2 Rf6 38. Kd2 Rfe6 39. Rg1 Rd6 40.
Rh8 Rde6 41. Rgh1 Kd6 42. b3 Kc7 43. Rg8 Bf7 44. Rf8 Be8 45. Rhh8 Bd7 46. Rh1
Re8 47. Rxe8 Rxe8 48. Rh7 Kd6 49. Rg7 Re6 50. c4 Kc7 51. c5 a5 52. Kc3 Kd8 53.
Rg8+ Be8 54. Kd2 Re7 55. Rh8 Kc7 56. Be2 b5 57. cxb6+ Kxb6 58. Rf8 Re6 59. Bd3
Bd7 60. Ra8 Re8 61. Ra6+ Kb7 62. Rxa5 Rh8 63. Rc5 Rh4 64. Ke3 g5 65. fxg5 f4+
66. Ke2 Bg4+ 67. Kd2 Rh2 68. Ke1 Rh1+ 69. Kd2 Rh2 70. Rc1 Rxf2+ 71. Kc3 Ra2 72.
Rg1 1-0

[Event "1st Grand Europe Open"]
[Site "Golden Sands BUL"]
[Date "2012.06.06"]
[Round "3.13"]
[White "Mammadov, Zaur"]
[Black "Sethuraman, S.P."]
[Result "1/2-1/2"]
[WhiteTitle "IM"]
[BlackTitle "GM"]
[WhiteElo "2393"]
[BlackElo "2546"]
[WhiteFideId "13401033"]
[BlackFideId "5021596"]
[EventDate "2012.06.04"]
[EventType "swiss"]

1. e4 g6 2. d4 Bg7 3. Nf3 d6 4. Bc4 Nf6 5. Qe2 O-O 6. e5 dxe5 7. dxe5 Nd5 8. O-O
Bg4 9. Rd1 c6 10. Nbd2 Nd7 11. h3 Bf5 12. Nb3 Qc7 13. Re1 N7b6 14. Bd3 Bxd3 15.
Qxd3 c5 16. Qe2 c4 17. Nbd4 e6 18. c3 Nd7 19. a4 a6 20. a5 Rfe8 21. Bd2 Rab8 22.
h4 b6 23. axb6 Rxb6 24. Bc1 h6 25. Ra4 Rc8 26. g3 a5 27. Ra2 Rbb8 28. Nc2 Ra8
29. Ne3 Nxe3 30. Bxe3 Nxe5 31. Nxe5 Qxe5 32. Rea1 Qb5 33. Qd1 Rd8 34. Qc2 Rd5
35. Qa4 Qb3 36. Qc6 Rad8 37. Kh2 Rd3 38. Qb6 Rb8 39. Qxb3 Rxb3 40. Bc1 Rd1 41.
Rxa5 Rb7 42. Rc5 Bf8 43. Rc8 Rbd7 44. Kg2 h5 45. Rxc4 Re1 46. Rc8 Rdd1 47. Raa8
Rxc1 48. Rxf8+ Kg7 49. Rg8+ Kf6 50. Ra7 e5 51. Rf8 e4 52. Rfxf7+ Ke6 53. Rfe7+
Kf5 54. Rf7+ Ke6 55. Rfe7+ 1/2-1/2

[Event "1st Grand Europe Open"]
[Site "Golden Sands BUL"]
[Date "2012.06.06"]
[Round "3.14"]
[White "Yilmaz, Mustafa"]
[Black "Swapnil, S. Dhopade"]
[Result "1/2-1/2"]
[WhiteTitle "IM"]
[BlackTitle "IM"]
[WhiteElo "2536"]
[BlackElo "2445"]
[WhiteFideId "6302718"]
[BlackFideId "5019184"]
[EventDate "2012.06.04"]
[EventType "swiss"]

1. Nf3 Nf6 2. c4 e6 3. g3 d5 4. Bg2 Be7 5. O-O O-O 6. Qc2 dxc4 7. Ne5 c5 8. Na3
Nd5 9. Naxc4 f6 10. Nd3 Nc6 11. Ne3 Nd4 12. Qd1 Nc7 13. b3 Rb8 14. Bb2 b6 15.
Nc2 Nxc2 16. Qxc2 Ba6 17. Rfe1 Qd7 18. Rad1 Bxd3 19. exd3 Rbd8 20. Re3 f5 21. d4
cxd4 22. Bxd4 Nd5 1/2-1/2

[Event "1st Grand Europe Open"]
[Site "Golden Sands BUL"]
[Date "2012.06.06"]
[Round "3.16"]
[White "Gorbatov, Alexej"]
[Black "Salem, A.R. Saleh"]
[Result "1/2-1/2"]
[WhiteTitle "IM"]
[BlackTitle "GM"]
[WhiteElo "2363"]
[BlackElo "2528"]
[WhiteFideId "4111834"]
[BlackFideId "9301348"]
[EventDate "2012.06.04"]
[EventType "swiss"]

1. e4 c5 2. c3 d6 3. d4 Nf6 4. Bd3 Nc6 5. Ne2 g6 6. O-O Bg7 7. d5 Nb8 8. f4 O-O
9. c4 b5 10. cxb5 a6 11. Nbc3 c4 12. Bxc4 axb5 13. Bxb5 Qb6+ 14. Qd4 Qxd4+ 15.
Nxd4 Nxe4 16. Be3 Nxc3 17. bxc3 Ra3 18. Bf2 Rxc3 19. a4 Bb7 20. Rfe1 Bf6 21.
Rad1 Rfc8 22. h3 Kf8 23. Ne2 Ra3 24. Rc1 Rxc1 25. Rxc1 Ra1 26. Ba7 Na6 27. Rxa1
Bxa1 28. Bd4 Bxd4+ 29. Nxd4 Nb4 30. Bc6 Bxc6 31. dxc6 Ke8 32. f5 gxf5 33. c7 Kd7
34. Nxf5 Nd5 35. Kf2 Nxc7 36. Kf3 e6 37. Ne3 d5 38. Ng4 Ke7 39. h4 f6 40. Kf4
e5+ 41. Kf5 e4 42. h5 Ne8 43. a5 Ng7+ 44. Kf4 Ne6+ 45. Kf5 Ng7+ 46. Kf4 1/2-1/2

[Event "1st Grand Europe Open"]
[Site "Golden Sands BUL"]
[Date "2012.06.06"]
[Round "3.19"]
[White "Lu, Shanglei"]
[Black "Baghdasaryan, Vahe"]
[Result "1-0"]
[WhiteTitle "GM"]
[WhiteElo "2522"]
[BlackElo "2409"]
[WhiteFideId "8603332"]
[BlackFideId "13303139"]
[EventDate "2012.06.04"]
[EventType "swiss"]

1. e4 c5 2. Nf3 e6 3. d4 cxd4 4. Nxd4 a6 5. Bd3 Bc5 6. Be3 Qb6 7. c3 Nc6 8. Nd2
Qxb2 9. Rc1 Qb6 10. Nc4 Qa7 11. Qf3 Nxd4 12. cxd4 Bb4+ 13. Ke2 b5 14. d5 Qb8 15.
Nb6 Ne7 16. d6 Bxd6 17. e5 Bb7 18. Be4 Bc7 19. Nxa8 Bxa8 20. Bxa8 Bxe5 21. Qb7
O-O 22. Qxb8 Rxb8 23. f4 Bxf4 24. Bxf4 Rxa8 25. Bd6 Nc6 26. Rhd1 f6 27. Bc7 Nb4
28. Rxd7 Nxa2 29. Rc6 b4 30. Rxe6 b3 31. Ree7 Kh8 32. Rxg7 Re8+ 33. Kd2 Re6 34.
Rg3 1-0